00887cam a22002534a 4500008004100000020002200041245013600063250001200199260005700211300003400268500002000302504005300322650003000375650004500405650002400450650003000474650002900504650002700533700002000560700002600580003000100606005001700607040000900624  a0443101051 (pbk.)00aHealth visiting :bspecialist community public health nursing /cedited by Anne Robotham, Marion Frost ; foreword by Alison Norman. a2nd ed. aEdinburgh :bElsevier Churchill Livingstone,cc2005. axii, 432 p. :bill. ;c25 cm. aIncludes index. aIncludes bibliographical references (p. 397419). 0aCommunity health nursing. 0aCommunity health nursingzGreat Britain.12aHome Care Services.22aCommunity Health Nursing.22aProfessional Competence.22aPublic Health Nursing.1 aRobotham, Anne.1 aFrost, Marion,d1948-20230120204125.0 cNUST